Statistics for Countries That Border Brazil

Click here to take the quiz!

General Stats

  • This quiz has been taken 348 times
  • The average score is 10 of 10

Answer Stats

Border Length (km)Border Length (mi)Country% Correct
1261783Argentina
100%
1365848Paraguay
98%
29951861Peru
97%
34232126Bolivia
96%
1068663Uruguay
96%
22001367Venezuela
96%
1606997Guyana
95%
593368Suriname
95%
16441021Colombia
94%
730453French Guiana
88%

Score Distribution

Percentile by Number Answered

Percent of People with Each Score

Your Score History

You have not taken this quiz